000 00335nam a2200145Ia 4500
003 OSt
005 20240320124501.0
008 170523s9999 xx 000 0 und d
020 _a978-9389347487
040 _ciimtu meerut
100 _aCherunilam
245 0 _aINTERNATIONAL BUSINESS
260 _bTATA MC GRAW HILL
942 _2ddc
_c02
999 _c1702
_d1702